Digital Technology for Business Innovation In Iot Era/ (Record no. 202207)

MARC details
000 -LEADER
fixed length control field 00722nam a22002057a 4500
005 - DATE AND TIME OF LATEST TRANSACTION
control field 20240508124604.0
010 ## - LCCN (DPL NO)
LC control number ENG-140171
020 ## - INTERNATIONAL STANDARD BOOK NUMBER
Terms of availability 325.00
International Standard Book Number 9788119337941
035 ## - SYSTEM CONTROL NUMBER
System control number EN-123703
037 ## - SOURCE OF ACQUISITION
Source of stock number/acquisition DBAD
082 ## - DEWEY DECIMAL CLASSIFICATION NUMBER
Classification number 658.05
245 ## - TITLE STATEMENT
Title Digital Technology for Business Innovation In Iot Era/
Statement of responsibility, etc Edited By T.M Hemalatha; A Saravanakumar [and] M.Surya
260 ## - PUBLICATION, DISTRIBUTION, ETC. (IMPRINT)
Place of publication, distribution, etc Madurai
Name of publisher, distributor, etc Shanlax Publications,
Date of publication, distribution, etc 2022
270 ## - ADDRESS
Address 61, 66T.P.K. Main Road, Vasantha Nagar, Madurai, Tamil Nadu
City Tamil Nadu
Postal code 625003
300 ## - PHYSICAL DESCRIPTION
Extent 315p.
Dimensions 25cm(pb)
700 ## - ADDED ENTRY--PERSONAL NAME
Personal name Hemalatha, T.M
Relator term Editor
9 (RLIN) 65919
700 ## - ADDED ENTRY--PERSONAL NAME
Personal name Saravanakumar , A.
Relator term Editor
9 (RLIN) 65920
700 ## - ADDED ENTRY--PERSONAL NAME
Personal name Surya, M.
Relator term Editor
9 (RLIN) 65921
942 ## - ADDED ENTRY ELEMENTS (KOHA)
Source of classification or shelving scheme Dewey Decimal Classification
Item type English Books
Classification part 658.05
Holdings
Withdrawn status Lost status Not for loan Collection code Home library Current library Date acquired Source of acquisition Cost, normal purchase price Full call number Barcode Copy number Cost, replacement price Koha item type
      Non-fiction Ashok Vihar Ashok Vihar 16/04/2024 DBAD 600.00 658.05 DIG EN-123703 1 600.00 English Books

© Delhi Public Library
Hit Counter
free hit counter